[Event "83eme Championnat de Paris - Open Fide"]
[Site "Paris - Halle Carpentier (13e"]
[Date "2008.06.28"]
[Round "1.1"]
[White "Vachier-Lagrave, Maxime"]
[Black "Leconte, Maria"]
[Result "1-0"]
[WhiteElo "2632"]
[BlackElo "2336"]
[Annotator "Salaun,Michel"]
[PlyCount "83"]
[EventDate "2008.07.06"]
[EventType "swiss"]
[EventRounds "9"]
[EventCountry "FRA"]

1. e4 e6 2. d4 d5 3. Nd2 Nc6 4. Ngf3 Nf6 5. e5 Nd7 6. Be2 Be7 7. Nf1 f6 8. exf6
Nxf6 9. Ne3 O-O 10. O-O Bd6 11. c4 b6 12. a3 a5 13. b3 Bb7 14. Bb2 Bf4 15. Qd3
Ne4 16. g3 Bxe3 17. Qxe3 Ne7 18. Bd3 Nf5 19. Qe2 a4 20. b4 Nfd6 21. c5 Nc4 22.
Bc1 Qf6 23. Bf4 g5 24. Bxe4 gxf4 25. Bd3 b5 26. Rae1 Rae8 27. Ne5 f3 28. Qd1
Qh6 29. Nxf3 Nxa3 30. Ne5 Nc4 31. c6 Bc8 32. Bxc4 dxc4 33. Re4 Rf5 34. Rfe1 Rd8
35. Rh4 Qg7 36. Ree4 Rg5 37. Reg4 h6 38. f4 a3 39. Qa1 Qf8 40. fxg5 h5 41. Rxh5
Qxb4 42. Rgh4 1-0

[Event "83eme Championnat de Paris - Open Fide"]
[Site "Paris - Halle Carpentier (13e"]
[Date "2008.06.28"]
[Round "1.2"]
[White "Carlhammar, Magnus"]
[Black "Malakhatko, Vadim"]
[Result "1/2-1/2"]
[WhiteElo "2324"]
[BlackElo "2621"]
[Annotator "Salaun,Michel"]
[PlyCount "66"]
[EventDate "2008.07.06"]
[EventType "swiss"]
[EventRounds "9"]
[EventCountry "FRA"]

1. Nf3 d5 2. g3 Bg4 3. Bg2 Nd7 4. c4 e6 5. O-O Bxf3 6. Bxf3 Ne5 7. Qb3 Nxf3+ 8.
Qxf3 c6 9. cxd5 Qxd5 10. Qxd5 exd5 11. d3 O-O-O 12. Nd2 Re8 13. e3 Nf6 14. Nf3
Nd7 15. b3 Bd6 16. Bb2 f6 17. Rac1 Kb8 18. Rfd1 Rhg8 19. Kg2 f5 20. h4 g6 21.
Rc2 h6 22. Rh1 Re7 23. Bd4 a6 24. Bc3 g5 25. hxg5 hxg5 26. Rh8 Rxh8 27. Bxh8 g4
28. Nd4 Rf7 29. Rc1 c5 30. Ne6 Re7 31. Ng7 Rf7 32. Ne6 Re7 33. Ng7 Rf7 1/2-1/2

[Event "83eme Championnat de Paris - Open Fide"]
[Site "Paris - Halle Carpentier (13e"]
[Date "2008.06.28"]
[Round "1.11"]
[White "Moradiabadi, Elshan"]
[Black "Maisuradze, Nino"]
[Result "1-0"]
[WhiteElo "2499"]
[BlackElo "2267"]
[Annotator "Salaun,Michel"]
[PlyCount "101"]
[EventDate "2008.07.06"]
[EventType "swiss"]
[EventRounds "9"]
[EventCountry "FRA"]

1. d4 d5 2. c4 e6 3. Nc3 Be7 4. Nf3 Nf6 5. Bf4 O-O 6. e3 c5 7. dxc5 Bxc5 8. a3
Bb6 9. Qc2 Qe7 10. Rd1 Rd8 11. Bg5 dxc4 12. Rxd8+ Bxd8 13. Bxc4 Nbd7 14. O-O h6
15. Bh4 a6 16. Nd4 Ne5 17. Be2 Ng6 18. Bg3 Bc7 19. Na4 Bxg3 20. hxg3 Bd7 21.
Nb6 Rd8 22. Rc1 Ne8 23. Bf3 e5 24. Nb3 Be6 25. Nc5 Rd6 26. Nc4 Bxc4 27. Qxc4 b5
28. Qc3 Nf8 29. Qb4 Ne6 30. Nxa6 Qa7 31. Nc5 Ng5 32. Ne4 Nxe4 33. Bxe4 Qd7 34.
Bf3 f5 35. e4 Nf6 36. exf5 Kh7 37. Re1 Rd4 38. Qb3 e4 39. Be2 b4 40. axb4 Qxf5
41. b5 Rd2 42. Qc3 Ng4 43. Bf3 e3 44. fxe3 Rd6 45. Qb4 Rg6 46. Qf4 Qh5 47. Be4
Qh2+ 48. Kf1 h5 49. Qf5 Qxg3 50. Qxg6+ Kg8 51. Qe8# 1-0

[Event "83eme Championnat de Paris - Open Fide"]
[Site "Paris - Halle Carpentier (13e"]
[Date "2008.06.28"]
[Round "1.12"]
[White "Schabanel, Stephane"]
[Black "Pham, Minh Hoang"]
[Result "0-1"]
[WhiteElo "2265"]
[BlackElo "2479"]
[Annotator "Salaun,Michel"]
[PlyCount "148"]
[EventDate "2008.07.06"]
[EventType "swiss"]
[EventRounds "9"]
[EventCountry "FRA"]

1. d4 Nf6 2. c4 e6 3. Nf3 b6 4. a3 Bb7 5. Nc3 d5 6. Qc2 dxc4 7. e4 Nc6 8. Bxc4
Nxd4 9. Nxd4 Qxd4 10. Nb5 Qe5 11. Nxc7+ Qxc7 12. Bb5+ Kd8 13. Qxc7+ Kxc7 14.
Bf4+ Kc8 15. Rc1+ Bc5 16. b4 a6 17. Be2 Bxe4 18. bxc5 b5 19. c6 Nd5 20. Bd2 Ne7
21. a4 Rb8 22. axb5 axb5 23. O-O Nxc6 24. Rc5 Kd8 25. Bxb5 Nd4 26. Ba5+ Ke7 27.
Bb4 Kf6 28. Bc3 Rhd8 29. f4 Kg6 30. Bc4 h6 31. Re1 Bf5 32. h3 h5 33. g4 hxg4
34. hxg4 Nf3+ 35. Kf2 Bxg4 36. Re3 Rbc8 37. Rxc8 Rxc8 38. Ba6 Rxc3 39. Rxc3 Nd4
40. Rc5 Nf5 41. Bd3 Kf6 42. Bxf5 Bxf5 43. Ra5 g5 44. Kg3 Kg6 45. Rc5 Kf6 46.
Ra5 gxf4+ 47. Kxf4 Bb1 48. Rc5 Ba2 49. Rh5 Bb3 50. Rg5 Ke7 51. Ra5 Bd5 52. Ra6
f6 53. Rb6 Ke8 54. Rd6 Kf7 55. Rd8 Kg6 56. Ke3 Kf5 57. Re8 Ke5 58. Rf8 f5 59.
Rf7 Kd6 60. Rf6 Ke7 61. Rh6 e5 62. Rh4 Kf6 63. Ra4 Bg2 64. Rc4 Kg5 65. Kf2 Be4
66. Ke3 Bb1 67. Rb4 f4+ 68. Kf3 Bf5 69. Ra4 e4+ 70. Kg2 Kg4 71. Rc4 e3 72. Ra4
Bd7 73. Rc4 Bb5 74. Rb4 Ba6 {Suite illisible.} 0-1

[Event "83eme Championnat de Paris - Open Fide"]
[Site "Paris - Halle Carpentier (13e"]
[Date "2008.06.28"]
[Round "1.13"]
[White "Shirazi, Kamran"]
[Black "Jablonski, Noham"]
[Result "0-1"]
[WhiteElo "2448"]
[BlackElo "2260"]
[Annotator "Salaun,Michel"]
[PlyCount "120"]
[EventDate "2008.07.06"]
[EventType "swiss"]
[EventRounds "9"]
[EventCountry "FRA"]

1. Nf3 d5 2. g3 Nf6 3. Bg2 Bf5 4. O-O e6 5. c4 c6 6. d3 Nbd7 7. cxd5 exd5 8.
Nc3 Be7 9. Nd4 Bg6 10. e4 O-O 11. Bf4 Nc5 12. b4 dxe4 13. bxc5 Qxd4 14. Nxe4
Nxe4 15. dxe4 Qxd1 16. Raxd1 Bxc5 17. Rd7 Rfe8 18. Rxb7 Bxe4 19. Rc1 Bb6 20. g4
Rad8 21. Bg3 c5 22. Bxe4 Rxe4 23. h3 Rc8 24. Rd1 c4 25. Rdd7 c3 26. Rxf7 Bd4
27. Rfc7 Rxc7 28. Rxc7 Re2 29. Rc4 c2 30. Kg2 Rd2 31. Bf4 Rxf2+ 32. Kg3 Bb6 33.
a4 a5 34. Bc7 Be3 35. Bxa5 Kf7 36. Bb4 Rf4 37. Rc7+ Ke6 38. Ba3 Rxa4 39. Re7+
Kf6 40. Rxe3 Rxa3 41. Rxa3 c1=Q 42. Rf3+ Ke5 43. Kg2 Ke4 44. Rf8 Qd2+ 45. Rf2
Qd5 46. Kg3 Ke3 47. Rf5 Qd6+ 48. Kg2 Qd2+ 49. Kg1 g6 50. Rf7 h5 51. gxh5 gxh5
52. Rf5 h4 53. Rf1 Qe2 54. Rf8 Qe1+ 55. Kg2 Qg3+ 56. Kh1 Qxh3+ 57. Kg1 Qg4+ 58.
Kh1 h3 59. Re8+ Kd3 60. Rd8+ Kc3 0-1

[Event "83eme Championnat de Paris - Open Fide"]
[Site "Paris - Halle Carpentier (13e"]
[Date "2008.06.28"]
[Round "1.16"]
[White "Brunner, Nicolas"]
[Black "Sochacki, Wojtek"]
[Result "0-1"]
[WhiteElo "2404"]
[BlackElo "2245"]
[Annotator "Salaun,Michel"]
[PlyCount "114"]
[EventDate "2008.07.06"]
[EventType "swiss"]
[EventRounds "9"]
[EventCountry "FRA"]

1. d4 Nf6 2. c4 e6 3. Nc3 Bb4 4. Qc2 Nc6 5. Nf3 d6 6. a3 Bxc3+ 7. Qxc3 O-O 8.
b4 Re8 9. Bb2 e5 10. dxe5 Nxe5 11. Nxe5 dxe5 12. e3 Ne4 13. Qc2 Bf5 {(=)} 14.
Bd3 Nxf2 15. Bxf5 Nxh1 16. Bxh7+ Kh8 17. Be4 Qg5 18. g3 Rad8 19. Bxh1 {(=)}
Qxe3+ 20. Qe2 Qg1+ 21. Qf1 Qe3+ 22. Qe2 Qg1+ 23. Qf1 Qxf1+ 24. Kxf1 Rd2 25. Bc3
Rc2 26. Be1 e4 27. Rd1 Re6 28. Rd4 f5 29. h4 Rd6 30. Rxd6 cxd6 31. Bg2 g6 32.
Bf2 Rxc4 33. Bxa7 d5 34. Ke1 Kg8 35. Kd2 d4 36. h5 d3 37. Bh3 Rc2+ 38. Ke1 Rh2
39. Bf1 Rxh5 40. Be3 Rh2 41. a4 Rb2 42. Bd2 Kf7 43. a5 Ke6 44. Bh3 e3 45. Bxe3
Re2+ 46. Kd1 Rxe3 47. Bg2 Re4 48. b5 Ra4 49. Bxb7 Rxa5 50. Bc6 Ke5 51. b6 Ra6
52. b7 Rb6 53. Be8 Rxb7 54. Bxg6 Rg7 55. Be8 Rxg3 56. Kd2 Kd4 57. Bc6 Rh3 0-1

[Event "83eme Championnat de Paris - Open Fide"]
[Site "Paris - Halle Carpentier (13e"]
[Date "2008.06.28"]
[Round "1.18"]
[White "Guilleux, Fabien"]
[Black "Peyrat, Olivier"]
[Result "1-0"]
[WhiteElo "2391"]
[BlackElo "2229"]
[Annotator "Salaun,Michel"]
[PlyCount "77"]
[EventDate "2008.07.06"]
[EventType "swiss"]
[EventRounds "9"]
[EventCountry "FRA"]

1. Nf3 Nf6 2. c4 c6 3. d4 d5 4. e3 e6 5. Bd3 dxc4 6. Bxc4 Nbd7 7. O-O Be7 8.
Re1 Nb6 9. Bb3 c5 10. Nc3 cxd4 11. exd4 O-O 12. Ne5 Nbd5 13. Bg5 Nxc3 14. bxc3
Qc7 15. Qf3 Bd7 16. Qh3 Nd5 17. Bxe7 Nxe7 18. Nxd7 Qxd7 19. Rxe6 Rfd8 20. Rae1
Nd5 21. R6e5 Qxh3 22. gxh3 Nf4 23. Re7 Nxh3+ 24. Kg2 Nf4+ 25. Kf3 Ne6 26. Rxb7
Rd6 27. Bxe6 fxe6 28. Ke4 Ra6 29. Re2 Rc8 30. Rc2 h6 31. c4 Kh7 32. c5 Kg6 33.
Rd7 Kf6 34. f4 Rcc6 35. h4 h5 36. Rg2 g6 37. Rb2 Rc8 38. Rbb7 Rf8 39. Rxa7 1-0

[Event "83eme Championnat de Paris - Open Fide"]
[Site "Paris - Halle Carpentier (13e"]
[Date "2008.06.28"]
[Round "1.19"]
[White "Badii, Madjid"]
[Black "Debray, Christopher"]
[Result "0-1"]
[WhiteElo "2220"]
[BlackElo "2381"]
[Annotator "Salaun,Michel"]
[PlyCount "79"]
[EventDate "2008.07.06"]
[EventType "swiss"]
[EventRounds "9"]
[EventCountry "FRA"]

1. e4 c5 2. Nf3 e6 3. d4 cxd4 4. Nxd4 a6 5. c4 Nf6 6. Bd3 Nc6 7. Nxc6 bxc6 8.
O-O e5 9. Nc3 Bb4 10. Bd2 O-O 11. a3 Bc5 12. b4 Bd4 13. Rc1 d6 14. h3 Be6 15.
Qf3 h6 16. Be3 Bxe3 17. Qxe3 Nh5 18. Ne2 Qf6 19. f4 exf4 20. Nxf4 Nxf4 21. Rxf4
Qb2 22. c5 Rfd8 23. Rf2 Qe5 24. cxd6 Rxd6 25. Bf1 a5 26. Rc5 Rd5 27. Rxc6 axb4
28. axb4 Rd1 29. Rc1 Ra1 30. Rxd1 Rxd1 31. b5 Qxb5 32. Qf4 Bc4 33. g4 Qb1 34.
e5 Qb5 35. Kg2 Rxf1 36. Rxf1 Bxf1+ 37. Qxf1 Qxe5 38. Qf3 g5 39. Qa8+ Kg7 40.
Qc8 {Suite illisible.} 0-1

[Event "83eme Championnat de Paris - Open Fide"]
[Site "Paris - Halle Carpentier (13e"]
[Date "2008.06.28"]
[Round "1.20"]
[White "Shoker, Samy"]
[Black "Song, Julien"]
[Result "1-0"]
[WhiteElo "2377"]
[BlackElo "2214"]
[Annotator "Salaun,Michel"]
[PlyCount "169"]
[EventDate "2008.07.06"]
[EventType "swiss"]
[EventRounds "9"]
[EventCountry "FRA"]

1. g3 Nf6 2. Bg2 d5 3. d3 g6 4. Nf3 Bg7 5. O-O O-O 6. Na3 c5 7. c4 Nc6 8. Rb1
h6 9. Bd2 Be6 10. cxd5 Bxd5 11. b3 Kh7 12. Nc4 Rc8 13. a4 b6 14. Bc3 a6 15. a5
Nxa5 16. Nxa5 bxa5 17. Qd2 Qb6 18. e4 Bc6 19. Bxa5 Qb7 20. Rfc1 Nd7 21. b4 f5
22. bxc5 Qa8 23. Bc3 e5 24. Nh4 fxe4 25. dxe4 Rf7 26. Qe3 Bb5 27. Bb4 Bc6 28.
Nf3 Rcf8 29. Rb2 a5 30. Ba3 Kh8 31. Rd2 a4 32. Rd6 Rb8 33. Nd2 Kh7 34. Bh3 Bf8
35. Be6 Bxd6 36. Bxf7 Be7 37. h4 Rf8 38. Be6 Nf6 39. f3 Nh5 40. Kg2 Bxh4 41.
gxh4 Nf4+ 42. Kf2 Nxe6 43. Bb2 Qb8 44. Bc3 Nd4 45. Rh1 Qd8 46. Bxd4 exd4 47.
Qd3 Qf6 48. h5 Qe5 49. hxg6+ Kg7 50. Qc4 Bxe4 51. Qe2 Qxc5 52. Nxe4 Qf5 53. Qd3
Qe5 54. Ng3 Qe3+ 55. Qxe3 dxe3+ 56. Kxe3 Kxg6 57. Ne2 Re8+ 58. Kf2 a3 59. Rg1+
Kf6 60. Rh1 Kg6 61. Ra1 Ra8 62. Ra2 h5 63. Nd4 h4 64. Nc2 Kg5 65. Rxa3 Rb8 66.
Ra5+ Kf4 67. Ra4+ Kg5 68. Kg2 Rb2 69. Rc4 Rb1 70. Ne3 Rb2+ 71. Kh3 Rf2 72. Rg4+
Kf6 73. Rf4+ Kg5 74. Rf8 Kh5 75. Ng4 Ra2 76. Rf5+ Kg6 77. Rf6+ Kg7 78. Kxh4 Ra4
79. Rb6 Rf4 80. Kg3 Ra4 81. Ne5 Rd4 82. f4 Ra4 83. Kg4 Ra1 84. Kg5 Rg1+ 85. Ng4
1-0

[Event "83eme Championnat de Paris - Open Fide"]
[Site "Paris - Halle Carpentier (13e"]
[Date "2008.06.28"]
[Round "1.21"]
[White "Carpentier, Pierre"]
[Black "Payen, Arnaud"]
[Result "1/2-1/2"]
[WhiteElo "2213"]
[BlackElo "2372"]
[Annotator "Salaun,Michel"]
[PlyCount "80"]
[EventDate "2008.07.06"]
[EventType "swiss"]
[EventRounds "9"]
[EventCountry "FRA"]

1. d4 Nf6 2. c4 e6 3. Nf3 Bb4+ 4. Nbd2 d5 5. e3 O-O 6. a3 Be7 7. Bd3 c5 8. dxc5
a5 9. b3 Nbd7 10. Bb2 Nxc5 11. Bc2 b6 12. O-O Bb7 13. Qe2 Ra7 14. Nd4 Ba8 15.
b4 axb4 16. axb4 Rxa1 17. Rxa1 Ncd7 18. Bc3 Qb8 19. e4 dxc4 20. Nxc4 Rc8 21. b5
Qc7 22. e5 Nxe5 23. Qxe5 Qxc4 24. Bb2 Bc5 25. Bb3 Bxd4 26. Bxc4 Bxe5 27. Bxe5
Bd5 28. Bd3 Nd7 29. Bd4 e5 30. Be3 g6 31. h3 Rc3 32. Bf1 f5 33. Ra7 Be6 34. Rb7
f4 35. Bxb6 Rc1 36. Rc7 Rb1 37. Ba7 e4 38. Bd4 Rb4 39. Bc3 Rb1 40. Bd2 g5 {(=)}
1/2-1/2

[Event "83eme Championnat de Paris - Open Fide"]
[Site "Paris - Halle Carpentier (13e"]
[Date "2008.06.28"]
[Round "1.24"]
[White "Calistri, Tristan"]
[Black "Mayaud, Raphael"]
[Result "1-0"]
[WhiteElo "2352"]
[BlackElo "2201"]
[Annotator "Salaun,Michel"]
[PlyCount "80"]
[EventDate "2008.07.06"]
[EventType "swiss"]
[EventRounds "9"]
[EventCountry "FRA"]

1. e4 d5 2. exd5 Qxd5 3. Nc3 Qa5 4. d4 c6 5. Nf3 Nf6 6. Bc4 Bf5 7. Bd2 e6 8.
Nd5 Qd8 9. Nxf6+ gxf6 10. c3 Nd7 11. Qe2 Qc7 12. Nh4 Bg6 13. g3 O-O-O 14. O-O-O
Nb6 15. Bb3 c5 16. dxc5 Bxc5 17. Nxg6 hxg6 18. Qf3 Qe7 19. h4 a5 20. a4 Rd7 21.
Be3 Rxd1+ 22. Rxd1 Nd7 23. Kb1 Rd8 24. Qf4 Bxe3 25. Qxe3 Nc5 26. Rxd8+ Kxd8 27.
Qd4+ Kc7 28. Bc2 f5 29. Kc1 e5 30. Qc4 Kb8 31. Qb5 e4 32. Qxa5 Nd3+ 33. Bxd3
exd3 34. c4 Qe2 35. Qd8+ Ka7 36. Qa5+ Kb8 37. Qd2 Qe4 38. Qf4+ Kc8 39. Qxe4
fxe4 40. g4 Kd7 1-0

[Event "83eme Championnat de Paris - Open Fide"]
[Site "Paris - Halle Carpentier (13e"]
[Date "2008.06.28"]
[Round "1.22"]
[White "Bergez, Luc"]
[Black "Brih, Said"]
[Result "1-0"]
[WhiteElo "2367"]
[BlackElo "2208"]
[Annotator "Salaun,Michel"]
[PlyCount "77"]
[EventDate "2008.07.06"]
[EventType "swiss"]
[EventRounds "9"]
[EventCountry "FRA"]

1. e4 c5 2. Nf3 Nc6 3. Bb5 g6 4. O-O Bg7 5. Bxc6 bxc6 6. d3 d6 7. h3 Rb8 8. Nc3
Nh6 9. Qe2 f6 10. b3 O-O 11. Bb2 Nf7 12. Na4 e5 13. Bc3 Be6 14. a3 f5 15. Bd2
f4 16. b4 cxb4 17. axb4 h5 18. Nb2 g5 19. Rxa7 g4 20. Nh2 Qh4 21. Nc4 Bh6 22.
Kh1 gxh3 23. g3 Qg5 24. Rg1 Kh8 25. gxf4 Qxg1+ 26. Kxg1 Rg8+ 27. Kh1 Rg2 28.
Nxd6 Rbg8 29. Nxf7+ Bxf7 30. Nf3 Be8 31. fxe5 Bg7 32. d4 Rf8 33. Be3 c5 34.
bxc5 Rg8 35. Ng5 Rg4 36. Qf3 Bg6 37. Qxh3 Rb8 38. f3 Rb1+ 39. Kh2 1-0

[Event "83eme Championnat de Paris - Open Fide"]
[Site "Paris - Halle Carpentier (13e"]
[Date "2008.06.28"]
[Round "1.23"]
[White "Blazkova, Petra"]
[Black "Bernard, Christophe"]
[Result "0-1"]
[WhiteElo "2202"]
[BlackElo "2361"]
[Annotator "Salaun,Michel"]
[PlyCount "52"]
[EventDate "2008.07.06"]
[EventType "swiss"]
[EventRounds "9"]
[EventCountry "FRA"]

1. e4 c5 2. Nf3 d6 3. d4 cxd4 4. Nxd4 Nf6 5. Nc3 Nc6 6. Bc4 Qb6 7. Nxc6 bxc6 8.
O-O g6 9. Bb3 Bg7 10. Be3 Qc7 11. h3 O-O 12. f4 a5 13. a4 Rb8 14. Qe2 Rb4 15.
Bf2 Be6 16. Bxe6 fxe6 17. Rab1 Qb7 18. e5 Nh5 19. g3 dxe5 20. fxe5 Rf5 21. b3
c5 22. Rbd1 Bxe5 23. Rd3 Qc6 24. Re3 Bd4 25. Rxe6 Qc7 26. Rxe7 Qxg3+ 0-1

[Event "83eme Championnat de Paris - Open Fide"]
[Site "Paris - Halle Carpentier (13e"]
[Date "2008.06.28"]
[Round "1.15"]
[White "Manoeuvre, Antoine"]
[Black "Pira, Davoud"]
[Result "0-1"]
[WhiteElo "2052"]
[BlackElo "2408"]
[Annotator "Salaun,Michel"]
[PlyCount "98"]
[EventDate "2008.07.06"]
[EventType "swiss"]
[EventRounds "9"]
[EventCountry "FRA"]

1. d4 Nf6 2. c4 c5 3. d5 g6 4. Nc3 Bg7 5. Nf3 d6 6. e4 a6 7. Be2 O-O 8. O-O Bg4
9. Qc2 e6 10. a4 exd5 11. cxd5 Re8 12. h3 Bxf3 13. Bxf3 b6 14. Re1 Ra7 15. Bg5
Rae7 16. Qc1 Rb7 17. Be2 Qc7 18. Qf4 Nfd7 19. Rac1 f6 20. Bh6 g5 21. Qf3 Ne5
22. Qh5 Qf7 23. Bxg7 Kxg7 24. Qxf7+ Rxf7 25. Bh5 Nd3 26. Bxf7 Kxf7 27. Kf1 Nd7
28. Ke2 Nxc1+ 29. Rxc1 f5 30. f3 Kg6 31. b3 Nf6 32. Kd3 fxe4+ 33. fxe4 Nh5 34.
Ne2 Rf8 35. Ke3 Nf6 36. Ng3 h5 37. Ne2 h4 38. Nc3 Nh5 39. Ne2 Ng3 40. Rg1 Nf1+
41. Kd3 Rf2 42. Nc1 Ng3 43. Re1 Kf6 44. Kc3 Rxg2 45. e5+ dxe5 46. d6 Ke6 47.
Rxe5+ Kxe5 48. d7 Ne4+ 49. Kc4 Rc2+ 0-1

[Event "83eme Championnat de Paris - Open Fide"]
[Site "Paris - Halle Carpentier (13e"]
[Date "2008.06.29"]
[Round "2.17"]
[White "Rozentalis, Eduardas"]
[Black "Tarasova, Viktoriya"]
[Result "1-0"]
[WhiteElo "2582"]
[BlackElo "2276"]
[Annotator "Salaun,Michel"]
[PlyCount "83"]
[EventDate "2008.07.06"]
[EventType "swiss"]
[EventRounds "9"]
[EventCountry "FRA"]

1. d4 d5 2. Nf3 Nf6 3. Bg5 Ne4 4. Bh4 c5 5. c3 b6 6. b3 c4 7. Qc2 Bf5 8. Qc1
Nd7 9. Nbd2 Ndf6 10. e3 e6 11. Bxf6 Nxf6 12. Nh4 Bg6 13. g3 Bh5 14. h3 Be7 15.
g4 Bg6 16. Nxg6 hxg6 17. Bg2 Qc7 18. Qc2 b5 19. g5 Nd7 20. f4 Nb6 21. Nf3 Nc8
22. Ne5 Nd6 23. e4 Qb7 24. exd5 exd5 25. O-O-O Nf5 26. Rde1 Rh4 27. Rhf1 Kf8
28. Qe2 Rd8 29. Nxf7 Kxf7 30. Qe6+ Kf8 31. Qxg6 Qd7 32. Re5 Ng3 33. Bxd5 Qxd5
34. Rxd5 Rxd5 35. Qe6 Rd6 36. Qe1 Rxh3 37. Rg1 Nh5 38. Qe5 Rh4 39. Re1 Rd7 40.
Qxb5 Rd8 41. Qf5+ Ke8 42. Qe6 1-0

[Event "83eme Championnat de Paris - Open Fide"]
[Site "Paris - Halle Carpentier (13e"]
[Date "2008.06.29"]
[Round "2.21"]
[White "Leconte, Maria"]
[Black "Badii, Madjid"]
[Result "1/2-1/2"]
[WhiteElo "2336"]
[BlackElo "2220"]
[Annotator "Salaun,Michel"]
[PlyCount "77"]
[EventDate "2008.07.06"]
[EventType "swiss"]
[EventRounds "9"]
[EventCountry "FRA"]

1. e4 c5 2. Nf3 Nc6 3. d4 cxd4 4. Nxd4 Nf6 5. Nc3 d6 6. g3 e6 7. Bg2 Bd7 8. O-O
a6 9. Nce2 Be7 10. c4 O-O 11. b3 g6 12. h3 Nxd4 13. Qxd4 e5 14. Qe3 b5 15. cxb5
axb5 16. Bb2 Qc8 17. Kh2 Qb7 18. f4 Bc6 19. fxe5 dxe5 20. Bxe5 Nxe4 21. a4 bxa4
22. bxa4 Ra5 23. Bd4 Ng5 24. Rab1 Qd7 25. Bxc6 Qxc6 26. Rb5 Rxb5 27. axb5 Qe6
28. Nf4 Qxe3 29. Bxe3 Bd6 30. Nd5 Ne4 31. Nf6+ Nxf6 32. Rxf6 Re8 33. Bf2 Re2
34. Kg1 Be5 35. Rc6 Rb2 36. b6 h5 37. Rc5 f6 38. Rc4 Kf7 39. g4 1/2-1/2

[Event "83eme Championnat de Paris - Open Fide"]
[Site "Paris - Halle Carpentier (13e"]
[Date "2008.06.29"]
[Round "2.19"]
[White "Peyrat, Olivier"]
[Black "Brunner, Nicolas"]
[Result "1/2-1/2"]
[WhiteElo "2229"]
[BlackElo "2404"]
[Annotator "Salaun,Michel"]
[PlyCount "68"]
[EventDate "2008.07.06"]
[EventType "swiss"]
[EventRounds "9"]
[EventCountry "FRA"]

1. d4 Nf6 2. Nf3 e6 3. g3 d5 4. c4 dxc4 5. Qa4+ Nbd7 6. Qxc4 a6 7. Bg2 b5 8.
Qc6 Rb8 9. Bf4 Nd5 10. O-O Bb7 11. Qc2 Nxf4 12. gxf4 Rc8 13. Nc3 c5 14. dxc5
Bxc5 15. Qd3 Qb6 16. Rad1 Nf6 17. Ne5 Bxg2 18. Kxg2 O-O 19. e3 g6 20. Qe2 Bb4
21. Nb1 Qb7+ 22. Qf3 Qc7 23. Nd3 Be7 24. Rc1 Qd7 25. Ne5 Qd5 26. Nc3 Qxf3+ 27.
Kxf3 Rfd8 28. Ke2 Nd7 29. Ne4 Nxe5 30. fxe5 Kf8 31. Rfd1 Ke8 32. h3 Rxc1 33.
Rxc1 Kd7 34. Kd3 Rb8 1/2-1/2

[Event "83eme Championnat de Paris - Open Fide"]
[Site "Paris - Halle Carpentier (13e"]
[Date "2008.06.29"]
[Round "2.20"]
[White "Roos, Louis"]
[Black "Schabanel, Stephane"]
[Result "1-0"]
[WhiteElo "2357"]
[BlackElo "2265"]
[Annotator "Salaun,Michel"]
[PlyCount "61"]
[EventDate "2008.07.06"]
[EventType "swiss"]
[EventRounds "9"]
[EventCountry "FRA"]

1. Nf3 c5 2. g3 Nc6 3. Bg2 g6 4. d4 cxd4 5. Nxd4 Bg7 6. Nb3 Nf6 7. O-O O-O 8.
c4 d6 9. Nc3 Be6 10. c5 d5 11. Bg5 h6 12. Bxf6 Bxf6 13. Nxd5 Bxb2 14. Rb1 Bg7
15. Qd2 Qd7 16. Rfd1 Rad8 17. Qf4 Bxd5 18. Rxd5 Qc8 19. Qa4 Qe6 20. e4 Qg4 21.
h3 Qe2 22. Bf1 Qc2 23. Rc1 Qb2 24. Rcd1 Rb8 25. R1d2 Qc3 26. Qc4 Rfd8 27. Rxd8+
Rxd8 28. Rxd8+ Nxd8 29. Qb5 Kf8 30. Qd7 Qa5 31. Nxa5 1-0

[Event "83eme Championnat de Paris - Open Fide"]
[Site "Paris - Halle Carpentier (13e"]
[Date "2008.06.29"]
[Round "2.22"]
[White "Song, Julien"]
[Black "Roos, Jean-Luc"]
[Result "1-0"]
[WhiteElo "2214"]
[BlackElo "2326"]
[Annotator "Salaun,Michel"]
[PlyCount "107"]
[EventDate "2008.07.06"]
[EventType "swiss"]
[EventRounds "9"]
[EventCountry "FRA"]

1. d4 e6 2. Nf3 d5 3. c4 Nf6 4. Nc3 Be7 5. Bg5 O-O 6. e3 h6 7. Bxf6 Bxf6 8. Rc1
b6 9. Bd3 Bb7 10. cxd5 exd5 11. O-O Nd7 12. Qa4 c5 13. Ba6 Qc8 14. Bxb7 Qxb7
15. Qb3 cxd4 16. exd4 Bd8 17. Nxd5 Nf6 18. Ne3 Bc7 19. Rc2 Rad8 20. Rfc1 Bf4
21. Rc6 Qd7 22. g3 Qh3 23. R1c2 Rfe8 24. Nf1 Nd5 25. a3 Qg4 26. Qd3 Bb8 27. Kh1
h5 28. Re2 Rxe2 29. Qxe2 h4 30. Rc2 hxg3 31. hxg3 Nf6 32. Ne3 Qh3+ 33. Kg1 Re8
34. Qf1 Qh5 35. Qg2 Ne4 36. Ne5 Ng5 37. f4 Bxe5 38. dxe5 Nf3+ 39. Kf2 Nd4 40.
Rd2 Ne6 41. Rd1 f5 42. Rh1 Qg6 43. Qh3 Nc5 44. Qxf5 Nd3+ 45. Ke2 Qxf5 46. Nxf5
Nxb2 47. Nd6 Re7 48. Rc1 g6 49. Ke3 Na4 50. Rc8+ Kg7 51. Kd4 Kh7 52. g4 Nc5 53.
f5 Nb3+ 54. Kd5 1-0

[Event "83eme Championnat de Paris - Open Fide"]
[Site "Paris - Halle Carpentier (13e"]
[Date "2008.06.29"]
[Round "2.18"]
[White "Maisuradze, Nino"]
[Black "Shirazi, Kamran"]
[Result "0-1"]
[WhiteElo "2267"]
[BlackElo "2448"]
[Annotator "Salaun,Michel"]
[PlyCount "52"]
[EventDate "2008.07.06"]
[EventType "swiss"]
[EventRounds "9"]
[EventCountry "FRA"]

1. d4 Nf6 2. c4 d6 3. Nc3 Bf5 4. f3 e5 5. e4 exd4 6. Qxd4 Be6 7. b3 c6 8. Bb2
d5 9. cxd5 cxd5 10. Qa4+ Bd7 11. Bb5 dxe4 12. O-O-O Qc7 13. Kb1 e3 14. Bxd7+
Nbxd7 15. Rc1 Qc6 16. Qf4 Bc5 17. Na4 Qd6 18. Qg5 Qd3+ 19. Ka1 Bd4 20. Nh3 O-O
21. Rhd1 Rac8 22. Nf4 Rxc1+ 23. Rxc1 Qd2 24. Nc3 e2 25. Qg3 Qxc1+ 26. Bxc1
Bxc3+ 0-1

[Event "83eme Championnat de Paris - Open Fide"]
[Site "Paris - Halle Carpentier (13e"]
[Date "2008.06.29"]
[Round "2.23"]
[White "Salaun, Yann"]
[Black "Blazkova, Petra"]
[Result "1-0"]
[WhiteElo "2319"]
[BlackElo "2202"]
[Annotator "Salaun,Michel"]
[PlyCount "123"]
[EventDate "2008.07.06"]
[EventType "swiss"]
[EventRounds "9"]
[EventCountry "FRA"]

1. d4 f5 2. Nh3 d5 3. c4 e6 4. Nc3 Nf6 5. Bg5 Be7 6. e3 O-O 7. Nf4 c6 8. h4 Ne4
9. Nxe4 fxe4 10. Bxe7 Qxe7 11. Qd2 Nd7 12. O-O-O e5 13. dxe5 Nxe5 14. cxd5 Bg4
15. Be2 cxd5 16. Kb1 d4 17. Bxg4 Nxg4 18. Qe2 dxe3 19. Qxg4 exf2 20. Nd5 Qe5
21. Ne3 Rad8 22. Qg5 Qc7 23. h5 h6 24. Qh4 Rxd1+ 25. Rxd1 Qe5 26. Qg4 Qb5 27.
Nf1 Qe5 28. Qe2 Qf5 29. Ne3 Qf4 30. a3 Kh8 31. Rf1 Qg3 32. Rd1 a6 33. Ka2 Qe5
34. Rf1 Qg3 35. Ka1 Qf4 36. Nd5 Qe5 37. Ne3 Qf4 38. Nc4 Rd8 39. Qe3 Qg4 40. Ne5
Qxh5 41. Qxe4 Re8 42. Ng6+ Qxg6 43. Qxg6 Re1+ 44. Ka2 Rxf1 45. Qe8+ Kh7 46.
Qe4+ Kh8 47. Qe2 Rc1 48. Qxf2 Rc7 49. Kb3 Kg8 50. Qf4 Rf7 51. Qb8+ Kh7 52. Qe8
Rc7 53. Kb4 g6 54. Ka5 h5 55. Qe5 Rg7 56. Kb6 g5 57. Kc5 h4 58. Kd6 Kg6 59.
Qe8+ Kh6 60. Ke5 Rc7 61. b4 Rc3 62. Kf5 1-0